000 00696nam a2200229 a 4500
001 1761
003 BD-RjUL
005 20211208233415.0
008 880808s1960 ilu b 001 0 eng
035 _a(BD-RjUL)1788
040 _aDLC
_cCIN
_dm.c
_dOCL
_dBD-RjUL
_beng
041 _aeng
082 _220
_a303
_bSCP 1960
100 1 _aSchubert, Glendon A.
_95832
245 1 4 _aThe public interest :
_bA critique of the theory of a political concept /
_cGlendon Schubert
260 _aGlencoe, Ill :
_bFree Press ,
_cc1960
300 _ax, 244 p. ;
_c21 cm.
504 _aIncludes bibliographical references and index.
650 0 _aPublic interest
_92821
942 _2ddc
_cBK
999 _c1761
_d1761